00317nam a2200121Ia 4500008004100000041000800041082001600049100002100065245002900086260004100115300003200156365000700188240624s9999 xx 000 0 und d aeng a658.155 OLE aOLENICK ARNOLD J aMANAGING TO HAVE PROFITS c1997aMumbaibJaico Publishing House axiii, : 210 : p. : cm. ; 24 cRS